000 00218nam a2200085Ia 4500
008 230915s9999 xx 000 0 und d
050 _aSB176 .E27 K65 1979
245 0 _aCLASSIFICATION OF EAST AFRICAN CROPS
942 _cBK
999 _c201715
_d201715